000
00305nam a2200109Ia 4500
008
180205s9999 xx 000 0 und d
020
_a
9718928332
100
_a
Bauzon, Orlando D.
245
_c
De-Jesus, Virginia B
_a
Team sports /
260
_a
Dagupan City
_b
SLA publishing
_c
2000
300
_a
ii, 160 pages
999
_c
354873
_d
354873